Online
Catalog

Español : (Record no. 45578)

MARC details
000 -CABECERA
campo de control de longitud fija 00693nam a2200181 a 4500
001 - NÚMERO DE CONTROL
campo de control 000046089
005 - FECHA Y HORA DE LA ÚLTIMA TRANSACCIÓN
campo de control 20201002052630.0
008 - DATOS DE LONGITUD FIJA--INFORMACIÓN GENERAL
campo de control de longitud fija 150618s1976 dr a 000 0 spa d
020 ## - NÚMERO INTERNACIONAL ESTÁNDAR DEL LIBRO
Número Internacional Estándar del Libro 8439950934
040 ## - FUENTE DE LA CATALOGACIÓN
Centro catalogador/agencia de origen DO-SdBNP
Lengua de catalogación spa
Centro/agencia transcriptor BNPHU
082 ## - NÚMERO DE LA CLASIFICACIÓN DECIMAL DEWEY
Número de clasificación xxxx
Número de documento/Ítem xxxx
100 1# - ENTRADA PRINCIPAL--NOMBRE DE PERSONA
Nombre de persona Tejada Castillo, Ramón
9 (RLIN) 37580
245 10 - MENCIÓN DE TÍTULO
Título Español :
Resto del título 5º curso /
Mención de responsabilidad, etc. Ramón Tejada Castillo.
260 ## - PUBLICACIÓN, DISTRIBUCIÓN, ETC.
Lugar de publicación, distribución, etc. Santo Domingo :
Nombre del editor, distribuidor, etc. Disesa,
Fecha de publicación, distribución, etc. 1976.
300 ## - DESCRIPCIÓN FÍSICA
Extensión 301 p. :
Otras características físicas il. ;
Dimensiones 23 cm.
505 0# - NOTA DE CONTENIDO CON FORMATO
Nota de contenido con formato Teoría literaria
Título Literatura española
500 ## - NOTA GENERAL
Nota general De conformidad con los contenidos del programa de quinto curso, plan experimental de intermedia de 1974, de la Secretaría de Estado de Educación, Bellas Artes y Cultos.
Holdings
Estado de retiro Estado de pérdida No para préstamo Código de colección Localización permanente Ubicación/localización actual Ubicación en estantería Fecha de adquisición Número de inventario Total de préstamos Signatura topográfica completa Código de barras Fecha visto por última vez Precio válido a partir de Tipo de ítem Koha Nota pública
    Excluido de préstamo Patrimonio Dominicano Patrimonio Dominicano Patrimonio Dominicano En catalogación 18.06.2015 LF1   xxxx xxxx 46089-10 25.06.2020 25.06.2020 Libro y Folleto Colección Patrimonio Dominicano Perteneció a la biblioteca personal de Erick Landestoy.

Powered by Koha